000 00644nam a22002057a 4500
999 _c6518
_d6518
003 GBCCL
005 20241126110605.0
008 180517b ||||| |||| 00| 0 eng d
040 _cgbc
082 _a227.8007
_bTAF
110 _aTAFTEE
_911560
245 _aThe letters of Paul:
_bRomans to Philemon
250 _aReprinted
260 _aBangalore:
_bTAFTEE,
_c1999
300 _a288 p.;
_bmap,
_c29 cm.
500 _aA degree level course of the Association for Theological Education by Extension, India
650 _aPauline epistle
_911668
650 _aBible
_vNew Testament
_xPauline epistles
_yStudy and teaching
_911669
942 _2ddc
_cBK